Byastigata arthabigyan (Record no. 8798)

MARC details
000 -LEADER
fixed length control field 00460cam a2200193ua 4500
001 - CONTROL NUMBER
control field 9796
005 - DATE AND TIME OF LATEST TRANSACTION
control field 20260515114525.0
008 - FIXED-LENGTH DATA ELEMENTS--GENERAL INFORMATION
fixed length control field 160903n ii |||gr||||Z||||||asm
040 ## - CATALOGING SOURCE
Transcribing agency MAIN
041 ## - LANGUAGE CODE
Language code of text/sound track or separate title asm
082 ## - DEWEY DECIMAL CLASSIFICATION NUMBER
Classification number 338.5
100 ## - MAIN ENTRY--PERSONAL NAME
Personal name Bora, Arindam,
Relator term Author.
245 ## - TITLE STATEMENT
Title Byastigata arthabigyan
Statement of responsibility, etc. By Arindam Bora
250 ## - EDITION STATEMENT
Edition statement 1st ed.
260 ## - PUBLICATION, DISTRIBUTION, ETC.
Place of publication, distribution, etc. Golaghat:
Name of publisher, distributor, etc. Saraswati prakashan,
Date of publication, distribution, etc. 2012.
300 ## - PHYSICAL DESCRIPTION
Extent 457p.
653 ## - INDEX TERM--UNCONTROLLED
Uncontrolled term Microeconomics
942 ## - ADDED ENTRY ELEMENTS (KOHA)
Koha item type Books
Holdings
Withdrawn status Lost status Damaged status Not for loan Home library Current library Shelving location Date acquired Total checkouts Full call number Barcode Date last seen Date last checked out Copy number Price effective from Koha item type
        Naharkatiya College Library Naharkatiya College Library General stacks 09/19/2020 19 338.5Microeconomics | BOR 23282 03/24/2026 03/24/2026 1 09/19/2020 Books
        Naharkatiya College Library Naharkatiya College Library General stacks 09/19/2020 13 338.5Microeconomics | BOR 23283 03/18/2026 02/04/2026 2 09/19/2020 Books